[Event "Valencia Cuna op 3rd"]
[Site "Valencia"]
[Date "2022.07.16"]
[Round "8"]
[White "Nieves Cabanes, Jose Manuel"]
[Black "Gascon del Nogal, Jose Rafael"]
[Result "0-1"]
[WhiteElo "2302"]
[BlackElo "2449"]
[PlyCount "90"]
[EventDate "2022.07.11"]
[EventType "swiss"]
[EventRounds "9"]
[EventCountry "ESP"]
[SourceTitle "CBM 209 Extra"]
[Source "ChessBase"]
[SourceDate "2022.09.30"]
[SourceVersion "1"]
[SourceVersionDate "2022.09.30"]
[SourceQuality "1"]

1. d4 Nf6 2. c4 c5 3. d5 g6 4. Nc3 Bg7 5. e4 d6 6. Be2 e6 7. dxe6 Bxe6 8. Nf3 0-0 9. Bg5 Nc6 10. 0-0 Qb6 11. Qd2 Nd7 12. Rac1 Rfe8 13. b3 Nd4 14. Rfd1 a6 15. Be3 Nxe2+ 16. Nxe2 Nf6 17. Nc3 Rad8 18. h3 Rd7 19. Bh6 Bh8 20. Bf4 Qc6 21. Qd3 b5 22. cxb5 axb5 23. Bxd6 b4 24. Nb5 Nxe4 25. Nfd4 Bxd4 26. Qxd4 Red8 27. Qxb4 Nxd6 28. Rxc5 Qb6 29. Re1 Nxb5 30. Rxb5 Qd4 31. Qxd4 Rxd4 32. a4 Rd2 33. Re3 Ra2 34. Rf3 Rdd2 35. a5 Kg7 36. b4 h5 37. Rf4 h4 38. Rc5 Rd1+ 39. Kh2 Rf1 40. Rxh4 Rfxf2 41. Rg5 f6 42. Rg3 f5 43. Kh1 Bd5 44. Rd4 Bxg2+ 45. Kh2 Bxh3+ 0-1

[Event "Quart de Poblet op 7th"]
[Site "Quart de Poblet"]
[Date "2019.08.08"]
[Round "5"]
[White "Cruz Lledo, Pablo"]
[Black "Nieves Cabanes, Jose Manuel"]
[Result "1-0"]
[WhiteElo "2445"]
[BlackElo "2311"]
[PlyCount "51"]
[EventDate "2019.08.05"]
[EventType "swiss"]
[EventRounds "9"]
[EventCountry "ESP"]
[SourceTitle "CBM 191 Extra"]
[Source "ChessBase"]
[SourceDate "2019.09.30"]
[SourceVersion "1"]
[SourceVersionDate "2019.09.30"]
[SourceQuality "1"]

1. d4 Nf6 2. Nf3 g6 3. c4 Bg7 4. Nc3 d5 5. e3 0-0 6. cxd5 Nxd5 7. Bc4 Nb6 8. Bb3 c5 9. 0-0 cxd4 10. Nxd4 N8d7 11. Qe2 Nc5 12. Bc2 a6 13. Rd1 Qc7 14. a4 Ne6 15. a5 Nxd4 16. exd4 Nd7 17. Nd5 Qd6 18. Nxe7+ Kh8 19. b3 Nf6 20. Ba3 Qe6 21. Qc4 Bd7 22. d5 Qg4 23. Bb2 Qh5 24. Qf4 Qe2 25. Bxf6 Qxc2 26. Qe5 1-0

[Event "Condom 18th"]
[Site "Condom"]
[Date "2019.07.19"]
[Round "8"]
[White "Laurent Paoli, Pierre"]
[Black "Nieves Cabanes, Jose Manuel"]
[Result "1-0"]
[WhiteElo "2362"]
[BlackElo "2289"]
[PlyCount "217"]
[EventDate "2019.07.13"]
[EventType "tourn"]
[EventRounds "9"]
[EventCountry "FRA"]
[EventCategory "5"]
[SourceTitle "CBM 191 Extra"]
[Source "ChessBase"]
[SourceDate "2019.09.30"]
[SourceVersion "1"]
[SourceVersionDate "2019.09.30"]
[SourceQuality "1"]

1. d4 Nf6 2. c4 e6 3. Nf3 b6 4. e3 Bb7 5. Bd3 c5 6. Nc3 cxd4 7. exd4 Be7 8. 0-0 0-0 9. d5 Bb4 10. Bg5 Bxc3 11. bxc3 h6 12. Bh4 d6 13. Nd4 exd5 14. cxd5 Bxd5 15. c4 Bb7 16. Nf5 Nbd7 17. Nxd6 Qc7 18. Re1 Qc6 19. Nxb7 Qxb7 20. Bf5 Qc6 21. Qd4 Rfe8 22. h3 Nc5 23. Rad1 Nfe4 24. Re3 Ng5 25. Rde1 Rxe3 26. Rxe3 Nce6 27. Qd5 Qxd5 28. cxd5 Nf4 29. d6 Rd8 30. d7 Kf8 31. g3 Nd5 32. Rd3 Nf6 33. f4 Ne6 34. Rc3 Rxd7 35. Rc8+ Ke7 36. g4 Rd1+ 37. Kf2 Rd2+ 38. Ke1 Rxa2 39. g5 hxg5 40. fxg5 Nd7 41. g6+ f6 42. Bg3 Rg2 43. Bf2 Rg5 44. Bc2 a5 45. Ra8 Ndc5 46. Ra7+ Kd6 47. h4 Re5+ 48. Kf1 f5 49. h5 f4 50. h6 gxh6 51. Bh4 Rh5 52. Be7+ Kd5 53. Kg2 Re5 54. Bd1 Kc4 55. Bg4 h5 56. Bf6 Re3 57. Bf3 Nd3 58. Bh4 Ne5 59. Bxh5 f3+ 60. Kf1 Rd3 61. Re7 Rd1+ 62. Kf2 Nxg6 63. Bxg6 Nd4 64. Bf7+ Kb4 65. Bg5 b5 66. Rd7 Rd3 67. Bg6 Rd1 68. Bc2 Ra1 69. Rxd4+ Kc3 70. Bg6 Ra2+ 71. Ke3 f2 72. Rf4 Ra3 73. Bf6+ Kb3 74. Rxf2 Kc4+ 75. Ke4 b4 76. Bf7+ Kb5 77. Rf5+ Kc6 78. Bd4 a4 79. Bc5 Rh3 80. Bxb4 Rh4+ 81. Rf4 Rxf4+ 82. Kxf4 Kb5 83. Ba3 Kc6 84. Bc4 Kb6 85. Ke4 Kc6 86. Kd4 Kb6 87. Kc3 Kc6 88. Bb4 Kb6 89. Kb2 Kc6 90. Ka3 Kb6 91. Kxa4 Kc6 92. Ka5 Kb7 93. Bd5+ Kc7 94. Bc5 Kd7 95. Kb5 Kc7 96. Bc6 Kd8 97. Kc4 Kc7 98. Kd5 Kd8 99. Kd6 Kc8 100. Bb5 Kd8 101. Bb6+ Kc8 102. Ba6+ Kb8 103. Kc6 Ka8 104. Bc8 Kb8 105. Bf5 Ka8 106. Bc5 Kb8 107. Kb6 Ka8 108. Bd4 Kb8 109. Be5+ 1-0

[Event "Condom 18th"]
[Site "Condom"]
[Date "2019.07.18"]
[Round "7"]
[White "Nieves Cabanes, Jose Manuel"]
[Black "Le Hetet, Nicolas"]
[Result "1-0"]
[WhiteElo "2289"]
[BlackElo "2392"]
[PlyCount "113"]
[EventDate "2019.07.13"]
[EventType "tourn"]
[EventRounds "9"]
[EventCountry "FRA"]
[EventCategory "5"]
[SourceTitle "CBM 191 Extra"]
[Source "ChessBase"]
[SourceDate "2019.09.30"]
[SourceVersion "1"]
[SourceVersionDate "2019.09.30"]
[SourceQuality "1"]

1. d4 d5 2. c4 c6 3. Nc3 Nf6 4. Nf3 e6 5. e3 Nbd7 6. Qc2 Bd6 7. Be2 0-0 8. 0-0 dxc4 9. Bxc4 b5 10. Bd3 Bb7 11. Ng5 Bxh2+ 12. Kxh2 Ng4+ 13. Kg1 Qxg5 14. f3 Ngf6 15. e4 Qh4 16. Be3 a5 17. e5 Ne8 18. Ne4 f5 19. exf6 Ndxf6 20. Nc5 Bc8 21. Bf2 Qh6 22. a4 Nd6 23. Nb3 Nc4 24. axb5 cxb5 25. Bxc4 bxc4 26. Qxc4 Nd5 27. Nc5 Nf4 28. Bg3 Nd5 29. Rfe1 Qg6 30. Kf2 Ra7 31. Bd6 Rd8 32. Bb8 Ra8 33. Be5 Rf8 34. Ra3 Nb4 35. Re4 Ba6 36. Qxe6+ Qxe6 37. Nxe6 Nd3+ 38. Kg3 Rfc8 39. Bxg7 Bc4 40. Nc5 Nxb2 41. Be5 Rc6 42. Rg4+ Rg6 43. Rxg6+ hxg6 44. d5 Rc8 45. Ne4 Nd3 46. Nd6 Rc5 47. Nxc4 Rxd5 48. Ba1 Rg5+ 49. Kh2 Nf4 50. Ra2 a4 51. Be5 Nd3 52. Bd6 Kf7 53. Rxa4 Ne1 54. Bg3 Nc2 55. Nd6+ Ke6 56. Ne4 Rb5 57. Ra6+ 1-0

[Event "La Roda op 46th"]
[Site "La Roda"]
[Date "2019.04.21"]
[Round "8"]
[White "Nieves Cabanes, Jose Manuel"]
[Black "Espinosa Aranda, Angel"]
[Result "0-1"]
[WhiteElo "2315"]
[BlackElo "2482"]
[PlyCount "96"]
[EventDate "2019.04.17"]
[EventType "swiss"]
[EventRounds "9"]
[EventCountry "ESP"]
[SourceTitle "EXT 2020"]
[Source "ChessBase"]
[SourceDate "2019.10.17"]
[SourceVersion "1"]
[SourceVersionDate "2019.10.17"]
[SourceQuality "1"]

1. c4 g6 2. d4 Nf6 3. Nf3 Bg7 4. g3 0-0 5. Bg2 d6 6. 0-0 Ne4 7. Nbd2 Nxd2 8. Bxd2 e5 9. dxe5 dxe5 10. Qc1 Nc6 11. Bh6 Bg4 12. Bxg7 Kxg7 13. Rd1 Qf6 14. Qe3 Rad8 15. h3 Bxf3 16. Qxf3 Qxf3 17. Bxf3 Rxd1+ 18. Rxd1 Rd8 19. Rxd8 Nxd8 20. b4 f5 21. e3 Kf6 22. Kf1 e4 23. Bd1 Nc6 24. a3 a5 25. b5 Ne5 26. Be2 Ke6 27. Ke1 Kd6 28. Kd2 Kc5 29. Kc3 a4 30. Bf1 h6 31. Be2 g5 32. Bf1 g4 33. h4 Nf3 34. Kc2 Ng1 35. Kd1 b6 36. Kd2 Nh3 37. Ke1 h5 38. f4 exf3 39. Bd3 Ng1 40. Bxf5 Ne2 41. Bxg4 hxg4 42. h5 Nxg3 43. h6 f2+ 44. Kxf2 Ne4+ 45. Ke2 Nf6 46. Kd3 g3 47. Ke2 Kxc4 48. Kf3 Kd3 0-1

[Event "Utebo Hotel el Aguila-A"]
[Site "Utebo"]
[Date "2018.06.18"]
[Round "2"]
[White "Nieves Cabanes, Jose Manuel"]
[Black "Garcia Martin, Marta"]
[Result "1/2-1/2"]
[WhiteElo "2270"]
[BlackElo "2320"]
[PlyCount "51"]
[EventDate "2018.06.18"]
[EventType "tourn"]
[EventRounds "9"]
[EventCountry "ESP"]
[SourceTitle "EXT 2024"]
[Source "ChessBase"]
[SourceDate "2023.10.10"]
[SourceVersion "1"]
[SourceVersionDate "2023.10.10"]
[SourceQuality "1"]

1. d4 d5 2. Bf4 Nf6 3. e3 e6 4. Nd2 Bd6 5. Bg3 0-0 6. c3 b6 7. Ngf3 c5 8. Bd3 Ba6 9. Bxa6 Nxa6 10. 0-0 Nb8 11. Qe2 Bxg3 12. hxg3 Nc6 13. Rfd1 Qe7 14. dxc5 Qxc5 15. e4 dxe4 16. Nxe4 Nxe4 17. Qxe4 Rad8 18. g4 g6 19. g3 Rd6 20. Kg2 Rfd8 21. b4 Qxc3 22. Rac1 Qxb4 23. Rc4 Qb5 24. a4 Qd5 25. Rxd5 exd5 26. Qf4 1/2-1/2

[Event "Pamplona 1st"]
[Site "Pamplona"]
[Date "2017.08.30"]
[Round "4"]
[White "Nieves Cabanes, Jose Manuel"]
[Black "Bayo Milagro, Alvaro"]
[Result "1-0"]
[WhiteElo "2309"]
[BlackElo "2291"]
[PlyCount "67"]
[EventDate "2017.08.28"]
[EventType "tourn"]
[EventRounds "9"]
[EventCountry "ESP"]
[SourceTitle "EXT 2024"]
[Source "ChessBase"]
[SourceDate "2023.10.10"]
[SourceVersion "1"]
[SourceVersionDate "2023.10.10"]
[SourceQuality "1"]

1. d4 d5 2. c4 e6 3. Nc3 c6 4. Nf3 dxc4 5. e3 b5 6. a4 Bb4 7. Bd2 a5 8. Ne5 Bb7 9. axb5 Bxc3 10. bxc3 cxb5 11. Rb1 Qd5 12. Qg4 g6 13. Qf4 f6 14. Nxc4 bxc4 15. Qc7 Ne7 16. Qxb7 Qxb7 17. Rxb7 Kf7 18. Bxc4 Rc8 19. Ba2 Nbc6 20. Ke2 Nd8 21. Rb5 Nf5 22. Kd3 Nh4 23. g3 Nf5 24. Ra1 Nd6 25. Rb6 Nc6 26. e4 Ke7 27. Rab1 Rc7 28. Bc1 Kd7 29. Ba3 Nc8 30. R6b2 g5 31. f4 g4 32. e5 fxe5 33. fxe5 N8e7 34. Bd6 1-0

[Event "ESP-chT CECLUB Div2"]
[Site "Linares"]
[Date "2017.08.10"]
[Round "4.7"]
[White "Nieves Cabanes, Jose Manuel"]
[Black "Arboledas Fernandez, Antonio A"]
[Result "0-1"]
[WhiteElo "2309"]
[BlackElo "2104"]
[PlyCount "76"]
[EventDate "2017.08.08"]
[EventType "team"]
[EventRounds "7"]
[EventCountry "ESP"]
[SourceTitle "CBM 179 Extra"]
[Source "ChessBase"]
[SourceDate "2017.08.23"]
[SourceVersion "1"]
[SourceVersionDate "2017.08.23"]
[SourceQuality "1"]
[WhiteTeam "Manises Eva"]
[BlackTeam "Reverte Minerals"]
[WhiteTeamCountry "ESP"]
[BlackTeamCountry "ESP"]

1. d4 d5 2. c4 e6 3. Nc3 f5 4. Nf3 Nf6 5. Qc2 c6 6. Bf4 Bd6 7. e3 0-0 8. Bd3 Ne4 9. 0-0 a6 10. Bxd6 Qxd6 11. c5 Qe7 12. Ne5 Nd7 13. f4 Rb8 14. Na4 Nef6 15. b4 Nxe5 16. fxe5 Ng4 17. Rf3 Bd7 18. h3 Nh6 19. Nb6 Be8 20. a4 Kh8 21. b5 axb5 22. axb5 cxb5 23. Rb1 g5 24. Bxb5 Bxb5 25. Rxb5 g4 26. Rg3 f4 27. exf4 Rxf4 28. Qd2 Rbf8 29. Rb1 Qh4 30. Qe3 Re4 31. Qc3 gxh3 32. Nd7 Ng4 33. gxh3 Ne3 34. Rg2 Qxh3 35. Qd2 Rh4 36. Nxf8 Qh1+ 37. Kf2 Qxg2+ 38. Kxe3 Rh3+ 0-1